000 01036nam a22003137a 4500
001 000577
003 DO-SdBNP
005 20241021115435.0
007 000577
008 161020b2008 sp a || 00| 0 spa d
020 _a9789500835183
040 _aBPMSU
_bspa
_cBPMSU
082 4 _a813.36
_bM531m 2008
_2 22
100 1 _aMelville, Herman,
_d1819-1891.
240 1 0 _aMoby Dick .
_lEspañol
245 1 0 _aMoby Dick /
_cHerman Melville ; traducción Ángela Simonini de Fuentes ; ilustraciones José Maltz.
260 _aBuenos Aires, Argentina :
_bAtlántida,
_c2008.
300 _a180 p. :
_bil. ;
_c20 cm.
490 0 _aNueva biblioteca Billiken,
_v37
500 _aIncluye datos biográficos del autor.
500 _a
590 _aInventariado, 2024/VM
650 4 _aNovela juvenil estadounidense
650 4 _aBallenas
_vNovela juvenil
700 1 _aSimonini de Fuentes, Ángela,
_etraductor
700 1 _aMaltz, José,
_eilustraciones
910 _aVMateo V. Control de calidad. BPMSU
942 _2ddc
_cBK
999 _c11624
_d11624